Optoelectronics and photonics: principles and practices (Record no. 4134)
[ view plain ]
| 000 -LEADER | |
|---|---|
| fixed length control field | 00553 a2200169 4500 |
| 010 ## - LIBRARY OF CONGRESS CONTROL NUMBER | |
| LC control number | 00050188 |
| 020 ## - INTERNATIONAL STANDARD BOOK NUMBER | |
| International Standard Book Number | 0201610876 |
| 040 ## - CATALOGING SOURCE | |
| Original cataloging agency | DLC |
| Language of cataloging | DLC |
| 082 00 - DEWEY DECIMAL CLASSIFICATION NUMBER | |
| Classification number | 621.381/045 |
| 100 1# - MAIN ENTRY--PERSONAL NAME | |
| Personal name | Kasap, S. O. |
| 245 10 - TITLE STATEMENT | |
| Title | Optoelectronics and photonics: principles and practices |
| Remainder of title | principles and practices |
| Statement of responsibility, etc. | S.O. Kasap. |
| 260 ## - PUBLICATION, DISTRIBUTION, ETC. | |
| Place of publication, distribution, etc. | Upper Saddle River, NJ : |
| Name of publisher, distributor, etc. | Prentice Hall, |
| Date of publication, distribution, etc. | c2001. |
| 300 ## - PHYSICAL DESCRIPTION | |
| Extent | xi, 340 p. : |
| Other physical details | ill. ; |
| Dimensions | 24 cm. + |
| Accompanying material | 1 computer optical disc (4 3/4 in.) |
| 650 #0 - SUBJECT ADDED ENTRY--TOPICAL TERM | |
| Topical term or geographic name entry element | Optoelectronic devices. |
| 650 #0 - SUBJECT ADDED ENTRY--TOPICAL TERM | |
| Topical term or geographic name entry element | Photonics. |
| 942 ## - ADDED ENTRY ELEMENTS (KOHA) | |
| Koha item type | Book |
| Call number prefix | 621.381045 KAS |
| Source of classification or shelving scheme | |
| Withdrawn status | Lost status | Damaged status | Not for loan | Collection code | Permanent Location | Current Location | Shelving location | Date acquired | Source of acquisition | Cost, normal purchase price | Total Checkouts | Full call number | Barcode | Date last seen | Price effective from | Koha item type | Date last checked out |
|---|---|---|---|---|---|---|---|---|---|---|---|---|---|---|---|---|---|
| Central Library (CL) | Central Library (CL) | General Stacks | 10/10/2007 | Progressive International Agencies | 8983.20 | 621.381045 KAS | SEECS008659 | 10/17/2019 | 01/05/2017 | Book | |||||||
| Central Library (CL) | Central Library (CL) | General Stacks | 10/10/2007 | Progressive International Agencies | 8983.20 | 1 | 621.381045 KAS | SEECS008660 | 08/17/2014 | 01/05/2017 | Book | 01/22/2014 | |||||
| Central Library (CL) | Central Library (CL) | General Stacks | 10/10/2007 | Progressive International Agencies | 8983.20 | 621.381045 KAS | SEECS008657 | 11/14/2012 | 01/05/2017 | Book | |||||||
| Central Library (CL) | Central Library (CL) | General Stacks | 10/10/2007 | Progressive International Agencies | 8983.20 | 621.381045 KAS | SEECS008661 | 11/14/2012 | 01/05/2017 | Book | |||||||
| Central Library (CL) | Central Library (CL) | General Stacks | 10/10/2007 | Progressive International Agencies | 8983.20 | 621.381045 KAS | SEECS008658 | 11/14/2012 | 01/05/2017 | Book |
